Proposal writing : effective grantsmanship (Record no. 23165)

MARC details
000 -LEADER
fixed length control field 00657 a2200205 4500
000 - LEADER
fixed length control field BKB
001 - CONTROL NUMBER
control field 145639
005 - DATE AND TIME OF LATEST TRANSACTION
control field 20200902170958.0
008 - FIXED-LENGTH DATA ELEMENTS--GENERAL INFORMATION
fixed length control field
020 ## - INTERNATIONAL STANDARD BOOK NUMBER
International Standard Book Number 9781412988995
082 ## - DEWEY DECIMAL CLASSIFICATION NUMBER
Classification number 658.15224
Item number C67P
100 1# - MAIN ENTRY--PERSONAL NAME
Personal name Coley, Soraya M.
245 1# - TITLE STATEMENT
Title Proposal writing : effective grantsmanship
Statement of responsibility, etc by Soraya M. Coley and Cynthia A. Scheinberg
260 ## - PUBLICATION, DISTRIBUTION, ETC. (IMPRINT)
Place of publication, distribution, etc New Delhi
Name of publisher, distributor, etc Sage Publications
Date of publication, distribution, etc 2013
300 ## - PHYSICAL DESCRIPTION
Extent 134p.
630 ## - SUBJECT ADDED ENTRY--UNIFORM TITLE
Uniform title Social Work
690 ## - LOCAL SUBJECT ADDED ENTRY--TOPICAL TERM (OCLC, RLIN)
Topical term or geographic name as entry element Proposal writing in human services; Social service; Nonprofit organizations
700 ## - ADDED ENTRY--PERSONAL NAME
Personal name Scheinberg, Cynthia A.
Numeration
Titles and other words associated with a name
964 ## -
--
-- ENG
--
--
--
--
--
Holdings
Withdrawn status Lost status Damaged status Not for loan Home library Current library Date acquired Cost, normal purchase price Total Checkouts Full call number Barcode Date last seen Price effective from Koha item type
        Central University Of Rajasthan Central University Of Rajasthan 19/05/2014 0.00   658.15224 C67P 19543 21/11/2024 02/09/2020 Books